Electricien plateau / Electro / cinema - Statistiques

Statistiques générales
  • Ce quiz a été pris 3 fois
  • Le résultat moyen est 5 sur 22
Statistiques - réponses
Par images Réponse % Correct
rotule
100%
tsf
100%
apple box
50%
main de singe
50%
spigot 16
50%
spigot 28
50%
u126
50%
big ben
0%
buccaneer
0%
cissors clamp
0%
col de signe
0%
cpk
0%
cyclone
0%
foam box
0%
gonzales
0%
m6
0%
marechal monophasé
0%
p17 triphasé
0%
sky hook
0%
spring clamp
0%
transpa
0%
wing plate
0%
Aucun quiz correspondant
Distribution des résultats
% des personnes avec chaque résultat
Percentile par nombre de réponses
Votre historique - résultats
Vous n’avez pas pris ce quiz